Initiation littéraire (Registro nro. 296628)
[ vista simple ]
| 000 -ENCABEZADO | |
|---|---|
| Número de control [NR] | 01634nam a22002657a 4500 |
| 005 - FECHA Y HORA DE LA ÚLTIMA TRANSACCIÓN | |
| control field | 20140925100045.0 |
| 008 - DE LONGITUD FIJA DE DATOS DE ELEMENTOS - INFORMACIÓN GENERAL | |
| Elementos de longitud fija [NR] | 140814s1913 fr ||||fr|||| 001 0 fre d |
| 040 ## - FUENTE DE CATALOGACION [NR] | |
| Quien Cataloga | Sandra Yazo |
| Quien Clasifica | Sandra Yazo |
| 041 0# - CODIGO DE IDIOMA [R] | |
| Código de idioma para texto/pista de sonido o título separado [R] | Francés |
| 082 04 - NUMERO DE CLASIFICACION DECIMAL DEWEY [R] | |
| Número de la edición [NR] | 20 |
| Número de clasificación [R] | 809 |
| 092 ## - SIGNATURA TOPOGRAFICA LOCAL | |
| Número de clasificación local | E32N011 |
| 100 1# - ASIENTO PRINCIPAL--NOMBRE PERSONAL [NR] | |
| Nombre personal [NR] | Faguet, Émile, |
| Fechas asociadas con el nombre [NR] | 1847-1916 |
| ID Autoridad | 63781 |
| 242 00 - TRADUCCION DEL TITULO POR LA AGENCIA CATALOGADORA [R] | |
| Título [NR] | Iniciación a la literatura |
| Mención de responsabilidad, etc. [NR] | por Emilio Faguet |
| Código de idioma del título traducido [NR] | spa |
| 245 10 - MENCION DE TITULO [NR] | |
| Título [NR] | Initiation littéraire |
| Mención de responsabilidad, etc. [NR] | par Émile Faguet |
| 260 ## - PUBLICACION, DISTRIBUCION, ETC. (PIE DE IMPRENTA) [R] | |
| Lugar de publicación, distribución, etc. [R] | París (Francia) |
| Nombre del editor, distribuidor, etc. [R] | Librairie Hachette [Librería Hachette] |
| -- | Imprimerie Crété [Imprenta Crété] |
| Fecha de publicación, distribución, etc. [R] | 1913 |
| 300 ## - DESCRIPCION FISICA [R] | |
| Extensión [R] | 175 páginas |
| Dimensiones [R] | 18 x 11 cm. |
| 490 ## - MENCION DE SERIE [R] | |
| Mención de serie [R] | Collection des initiations [Colección de Iniciaciones] |
| 500 ## - NOTA GENERAL [R] | |
| Nota general [NR] | Detalles físicos: Encuadernación rígida (holandesa) en cartón forrado en papel. Lomo en tela encolada, con tejuelo. Guardas en papel grueso. Hoja de cortesía. Anteportada. Portada impresa en una sola tinta, con un grabado. Texto en una sola columna. Apostillas marginales. Cortes pintados. |
| 505 0# - NOTA DE CONTENIDO CON FORMATO PREESTABLECIDO [R] | |
| Nota de contenido con formato preestablecido [NR] | La literatura en la India ; La literatura entre los hebreros ; La literatura de los griegos ; La literatura romana ; La literatura en la Edad Media: Francia, Inglaterra, Alemania, Italia, España y Portugal ; La literatura de los siglos XVI y XVII: Francia ; Inglaterra ; Alemania ; Italia ; España y Portugal ; La literatura de los siglos XVIII y XIX: Francia ; Inglaterra ; Alemania ; Italia ; España ; La literatura rusa ; La literatura polaca. |
| 506 ## - NOTA DE RESTRICCIONES DE ACCESO [R] | |
| Condiciones de acceso [NR] | Consulta en sala |
| 546 ## - NOTA DE IDIOMA [R] | |
| Nota de idioma [NR] | Texto en francés |
| 650 #7 - ASIENTO SECUNDARIO DE MATERIA - TERMINO TEMATICO [R] | |
| 9 (RLIN) | 18764 |
| Término temático o nombre geográfico como elemento de entrada [NR] | Literatura |
| Subdivisión general [R] | Historia |
| 690 ## - ASUNTO AGREGADO LOCAL DE ENTRADA - TÉRMINO TEMÁTICO (OCLC, RLIN) | |
| 9 (RLIN) | 42859 |
| Acceso temático local | Literatura |
| 942 ## - ELEMENTOS DE ENTRADA AGREGADOS (KOHA) | |
| Tipo de ítem principal el descrito en 300a | Libro |
| Edición | 1 |
| Sistema de clasificación | LOCAL |
| Clasificación | E32N011 |
| Suprimido | Perdido | Sistema de clasificación | Dañado | No prestable | Tipo de ítem específico | Ubicación habitual | Ubicación actual | Localización | Fecha de creación | Forma de adquisición | Costo | Signatura topográfica | Código de barras | Última vez visto | Ejemplar | Price effective from | Tipo de ítem | Nota pública (OPAC) |
|---|---|---|---|---|---|---|---|---|---|---|---|---|---|---|---|---|---|---|
| LOCAL | Libro archivo | Archivo Histórico | Archivo Histórico | Archivo histórico | 14/08/2014 | Donación | 0.00 | E32N011 | L004417 | 14/08/2014 | Ej.1 | 14/08/2014 | Libro | Bodega Santafé Caja 7 |